| 000 | 00586nam a2200205 i 4500 | ||
|---|---|---|---|
| 001 | bgj | ||
| 100 | 1 | _aREMARQUE, Erich Maria | |
| 245 | 1 | 0 |
_aAll quiet on the western front / _cErich Maria Remarque. |
| 260 |
_aGreenwich, Ct : _bFawcett Publ., _ccop. 1958. |
||
| 300 |
_a175 pp ; _c18 cm. |
||
| 490 | 1 | _aA Fawcett crest book | |
| 500 | _aGerman title: Im western nichts neues. | ||
| 650 | 9 |
_aGerman fiction _y20th century |
|
| 830 | _aA Fawcett crest book | ||
| 020 | _apbk | ||
| 040 | _cBPK | ||
| 041 | 1 |
_aeng _hdede |
|
| 942 | _cKS | ||
| 008 | s uk f |000 0 eng | ||
| 999 |
_c48039 _d48039 |
||
| 856 |
_uhttp://koha.tu.koszalin.pl/cgi-bin/koha/opac-detail.pl?biblionumber=48039 _yKatalog online BPK |
||